[Event "Hampshire Individual"]
[Site "Eastleigh ENG"]
[Date "2010.11.13"]
[Round "3"]
[White "Lawson,Maurice Elliot"]
[Black "Williams,Pe"]
[Result "1/2-1/2"]
[WhiteElo "1832"]
[BlackElo "2179"]

1.e4 e6 2.d4 d5 3.Nd2 Be7 4.Ngf3 Nf6 5.e5 Nfd7 6.Bd3 c5 7.c3 Nc6 8.O-O a5
9.Re1 g5 10.dxc5 Nxc5 11.Bb1 Bd7 12.Nb3 Nxb3 13.axb3 h5 14.Nd4 Nxd4 15.Qxd4 Rc8
16.Be3 Bc5 17.Qd2 Rg8 18.Bxc5 Rxc5 19.Qe3 Rc8 20.Bd3 b6 21.Qe2 g4 22.Bb5 Qe7
23.Qd3 Rh8 24.b4 Ra8 25.bxa5 bxa5 26.Ra4 Qc5 27.Bxd7+ Kxd7 28.Rea1 Qc6 29.Rxa5 Rxa5
30.Rxa5 Ra8 31.Rxa8 Qxa8 32.Qb5+ Kd8 33.Qb6+ Ke8 34.h3 gxh3 35.gxh3 Qa1+
36.Kg2 Qc1 37.Qb8+ Ke7 38.Qd6+ Ke8 39.Qb8+ Ke7 40.Qb4+ Ke8 41.h4 Qc2 42.Qb8+ Ke7
43.Qc7+ Ke8 44.Qc8+ Ke7 45.Qc5+ Ke8  1/2-1/2

[Event "16th Asian Games Rapid Women"]
[Site "Guangzhou CHN"]
[Date "2010.11.13"]
[Round "2"]
[White "Pourkashiyan,A"]
[Black "Nakhbayeva,G"]
[Result "0-1"]
[WhiteElo "2367"]
[BlackElo "2209"]

1.e4 e6 2.d4 d5 3.Nd2 a6 4.Ngf3 Nf6 5.Ng1 Ng8 6.Ngf3 Nf6 7.Bd3 c5 8.exd5 exd5
9.O-O c4 10.Re1+ Be7 11.Bf1 O-O 12.Ne5 b5 13.g3 Bb7 14.Bg2 Nbd7 15.c3 Bd6
16.Ndf3 Ne4 17.Bf4 Ndf6 18.Nd2 Qc7 19.Nf1 Nd7 20.Nxd7 Qxd7 21.Bxd6 Qxd6 22.f3 Nf6
23.Re5 Bc6 24.Qd2 Rab8 25.Ne3 g6 26.Nc2 a5 27.a3 Bd7 28.Qg5 Kg7 29.Rae1 h6
30.Qd2 Rfe8 31.h3 Bf5 32.Kh2 Bxc2 33.Qxc2 Red8 34.f4 b4 35.axb4 axb4 36.R1e2 bxc3
37.bxc3 Rb3 38.Bf3 Qa3 39.R5e3 Rdb8 40.Qa2 Qc1 41.Qd2 Qa3 42.Qe1 Rb1 43.Qf2 Rc1
44.Ra2 Qb3 45.Qd2 Rb1 46.Bg2 Qb6 47.g4 Qd6 48.Re5 R8b5 49.Qe3 Rd1 50.Rd2 Rxd2
51.Qxd2 Nd7 52.Re2 Rb3 53.Rf2 Nb6 54.Kg1 Na4 55.Rf3 Qa3 56.f5 g5 57.f6+ Kg8
58.Qe2 Rxc3 59.Qe8+ Qf8 60.Qxa4 Rxf3 61.Bxf3 Qb8 62.Bxd5 c3 63.Qc2 Qg3+ 64.Bg2 Qe3+
65.Kh1 Qxd4 66.Qf5 Qd1+ 67.Kh2 Qd6+ 68.Kh1 Qd1+ 69.Bf1 c2 70.Qc8+ Kh7 71.Qf5+ Kg8
72.Qc8+ Kh7 73.Qf5+ Kg8 74.Qc8+ Kh7 75.Qc4 Qf3+ 76.Kg1 Qg3+ 77.Kh1 Qf3+ 78.Bg2 Qd1+
79.Kh2 Qd6+ 80.Kg1 Qd1+ 81.Kf2 Qd2+ 82.Kf3 Qf4+ 83.Qxf4 gxf4 84.Kxf4 c1=Q+
85.Kg3 Qc3+ 86.Bf3 Qxf6 87.Be4+ Kg7 88.Bf5 Qc3+ 89.Kh4 Qe1+ 90.Kh5 f6 91.h4 Qe8+  0-1

[Event "Schachbundesliga 2010-11"]
[Site "Solingen GER"]
[Date "2010.11.13"]
[Round "3"]
[White "Berelowitsch,A"]
[Black "Werle,J"]
[Result "1-0"]
[WhiteElo "2574"]
[BlackElo "2574"]

1.e4 e6 2.d4 d5 3.Nd2 Be7 4.Ngf3 Nf6 5.e5 Nfd7 6.Bd3 c5 7.c3 Nc6 8.O-O a5
9.Re1 cxd4 10.cxd4 g5 11.Nb1 g4 12.Nfd2 h5 13.Nc3 Nxd4 14.Nb3 Nxb3 15.axb3 Nb8
16.Nb5 Bd7 17.Nd6+ Bxd6 18.exd6 Qf6 19.b4 Nc6 20.Bd2 d4 21.Qe2 Rd8 22.bxa5 e5
23.b4 Qxd6 24.b5 Ne7 25.Qxe5 Qxe5 26.Rxe5 Be6 27.Be4 Nd5 28.a6 bxa6 29.bxa6 Ke7
30.a7 Kd6 31.Rg5 f6 32.Ra6+ Kc5 33.Ra5+ Kc4 34.a8=Q Rxa8 35.Rgxd5 Bxd5 36.Bxd5+ Kd3
37.Bxa8 Kxd2 38.Be4 Re8 39.Ra2+ Kc3 40.f3 gxf3 41.gxf3 Re5 42.Kf2 f5 43.Rc2+ Kb3
44.Bd3 f4 45.Rc4 Rd5 46.h4 Kb2 47.Ke2 Kb3 48.Kd2 Ra5 49.Rxd4 Ra2+ 50.Ke1 Kc3
51.Rd7 Rh2 52.Bf1 Rxh4 53.Kf2 Rh2+ 54.Bg2 Kc2 55.Kg1 Rh4 56.Bf1 Kc3 57.Kg2  1-0

[Event "1st Open"]
[Site "Brno CZE"]
[Date "2010.11.15"]
[Round "3"]
[White "Veznik,Michael"]
[Black "Paral,S"]
[Result "1-0"]
[WhiteElo "1819"]
[BlackElo "2085"]

1.e4 e6 2.d4 d5 3.Nd2 Nc6 4.Ngf3 Nge7 5.e5 b6 6.c3 Bb7 7.Bd3 Ng6 8.Nf1 Be7
9.Ng3 Qd7 10.Qe2 O-O 11.Ng5 Bxg5 12.Bxg5 Nce7 13.Nh5 Nf5 14.h4 Kh8 15.Bxf5 exf5
16.Nxg7 f6 17.Bxf6 Qc6 18.Nh5+ Kg8 19.f4 Nxf4 20.Qf3 Nxh5 21.Qxh5 Qd7 22.O-O Qf7
23.Qxf5 Bc8 24.Qd3 Bg4 25.Rf4 h5 26.Raf1 Qh7 27.Qxh7+ Kxh7 28.Kf2 Kg6 29.Ke3 Rae8
30.b4 b5 31.a4 bxa4 32.Bg5 Rxf4 33.Rxf4 Bf5 34.Rf2 Re6 35.Bd8 Rc6 36.Kd2 a3
37.Rf1 a2 38.Ra1 Bb1 39.Bg5 Kf5 40.g3 a6 41.Bf4 Kg4 42.e6 Rxe6 43.Bxc7 Re4
44.Kc1 Kf3 45.Kb2 Re2+ 46.Ka3 Rc2 47.Kb3 Ke4 48.Ka4 Rxc3 49.Be5 Rd3 50.Ka5 Ra3+
51.Kb6 Ra4 52.Kc5 Bd3 53.g4 hxg4 54.h5 Bb1 55.h6 Kf3 56.Kxd5 Rxb4 57.Kc5 Rb5+
58.Kc4 Bh7 59.Rxa2 Bg8+ 60.Kc3 Rb6  1-0

[Event "ch-ISR"]
[Site "Haifa ISR"]
[Date "2010.11.15"]
[Round "6.10"]
[White "Zaltz,D"]
[Black "Porat,Ma"]
[Result "1-0"]
[WhiteElo "2316"]
[BlackElo "2257"]

1.e4 e6 2.d4 d5 3.Nd2 Be7 4.Bd3 c5 5.dxc5 Nf6 6.Qe2 Nfd7 7.exd5 exd5 8.Nb3 O-O
9.Nf3 Nxc5 10.Nxc5 Bxc5 11.O-O Bg4 12.h3 Bh5 13.Qe5 Bxf3 14.Qf5 Be4 15.Bxe4 Bxf2+
16.Rxf2 dxe4 17.Qxe4 Nc6 18.Be3 Qc7 19.Rd1 Rfe8 20.Qf4 Qe7 21.Bd2 f6 22.Bc3 Rad8
23.Rdf1 Qe4 24.Qg3 Qe3 25.Qg4 Re4 26.Qh5 Nd4 27.Re1 Re5 28.Rxe3 Rxh5 29.Rd2 Re5
30.Rxd4  1-0

[Event "ch-ISR"]
[Site "Haifa ISR"]
[Date "2010.11.17"]
[Round "8.12"]
[White "Sheshkin,M"]
[Black "Porat,Ma"]
[Result "1-0"]
[WhiteElo "2252"]
[BlackElo "2257"]

1.e4 e6 2.d4 d5 3.Nd2 Be7 4.e5 c5 5.dxc5 Nc6 6.Bb5 Bxc5 7.Nb3 Qb6 8.Nxc5 Qxb5
9.Nd3 Nge7 10.Nf3 Qa5+ 11.Bd2 Qc7 12.O-O Ng6 13.Qe2 O-O 14.Rac1 f6 15.Rfe1 Qb6
16.c4 fxe5 17.c5 Qb5 18.Ndxe5 Qxb2 19.Nxg6 hxg6 20.Qd3 Qf6 21.Ng5 Qf5 22.Qg3 Rd8
23.Qh4 Qf6 24.Re3 e5 25.g4 Bxg4 26.Qxg4 Nd4 27.Bc3 Nf5 28.Rxe5 d4 29.Re6 Nh6
30.Rxf6 Nxg4 31.Rf4 Ne5 32.Rxd4 Rf8 33.f4 Rf5 34.Rd5 Nf3+ 35.Nxf3 Rxd5 36.Bd4 Rf8
37.Be3 Re8 38.Rc3 Rd1+ 39.Kf2 Ra1 40.Rc2 Rd1 41.Ng5 Rd3 42.Re2 b6 43.cxb6 axb6
44.Bxb6 Rxe2+ 45.Kxe2 Ra3 46.h4 Rxa2+ 47.Kf3 Ra3+ 48.Kg4 Ra4 49.Bc5 Ra6 50.Bd4 Kf8
51.Be5 Kg8 52.Ne4 Ra2 53.Ng5 Ra6 54.Nf3 Ra2 55.Bd4 Rg2+ 56.Kh3 Ra2 57.Kg3 Kf7
58.Ng5+ Kg8 59.Ne6 Ra4 60.Be5 Ra7 61.Kg4 Re7 62.Nc5 Kh7 63.Kg5 Rf7 64.Ne6 Rf5+
65.Kg4 Kg8 66.Nxg7 Rf7 67.Ne8 Ra7 68.Kg5 Ra8 69.Nc7 Rf8 70.Kxg6 Rf7 71.Ne8 Kf8
72.Nd6 Ra7 73.h5 Kg8 74.Nf5 Kf8 75.h6 Ra6+ 76.Bf6 Ra2 77.h7 Rg2+ 78.Bg5  1-0

[Event "VI World Blitz"]
[Site "Moscow RUS"]
[Date "2010.11.17"]
[Round "23.9"]
[White "Caruana,F"]
[Black "Nakamura,Hi"]
[Result "1-0"]
[WhiteElo "2709"]
[BlackElo "2741"]

1.e4 e6 2.d4 d5 3.Nd2 Be7 4.Ngf3 Nf6 5.e5 Nfd7 6.Bd3 c5 7.c3 Nc6 8.O-O g5
9.a3 cxd4 10.cxd4 Qb6 11.b4 g4 12.Ne1 Qxd4 13.Nb3 Qxe5 14.Rb1 Qg7 15.Bb5 O-O
16.Bxc6 bxc6 17.Bb2 Bf6 18.Bxf6 Nxf6 19.Nd3 Ba6 20.Re1 Rab8 21.Ne5 Ne4 22.Qd4 Bb5
23.Rbc1 Rbc8 24.Nc5 Nxc5 25.Rxc5 f6 26.Nxg4 e5 27.Qd1 d4 28.f3 Kh8 29.a4 Ba6
30.Qd2 Rg8 31.Nh6 Rgf8 32.Rec1 Qd7 33.g4 Bb7 34.h4 e4 35.fxe4 d3 36.R1c4 Ba6
37.Rc1 Qd4+ 38.Qf2 Qxe4 39.Re1 Qxb4 40.Rf5 Qb6 41.Re3 Rce8 42.Rxf6 Qc5 43.Rf7 Qxe3
44.Rxf8+ Kg7 45.Nf5+ Kxf8 46.Nxe3+ Kg8 47.Nf5 Bc8 48.Qd4 Bxf5 49.gxf5 Kf7
50.Qxd3 Kf6 51.Qd6+ Kxf5 52.Qxc6 Re7 53.h5 Kg5 54.h6 Rf7 55.a5 Rf6 56.Qc5+ Kxh6
57.Qxa7 Kg5 58.a6  1-0

[Event "TCh-HUN 2010-11"]
[Site "Budapest HUN"]
[Date "2010.11.20"]
[Round "3"]
[White "Roganovic,Milo"]
[Black "Hoang Thanh Trang"]
[Result "1/2-1/2"]
[WhiteElo "2497"]
[BlackElo "2482"]

1.e4 e6 2.d4 d5 3.Nd2 Be7 4.c3 c5 5.exd5 exd5 6.Ngf3 Nf6 7.dxc5 Bxc5 8.Bb5+ Bd7
9.Qe2+ Qe7 10.Qxe7+ Bxe7 11.Bxd7+ Nbxd7 12.O-O O-O 13.Nb3 Rfe8 14.Be3 b6
15.Rad1 Nc5 16.Nbd4 Rac8 17.Nf5 Bf8 18.Bg5 Nfe4 19.Bc1 Rcd8 20.Ne3 Nf6 21.Nd4 h6
22.Nc6 Rd7 23.Nb4 Red8 24.Nc6 Re8 25.Nb4 Red8 26.Nc6 Re8 27.Nb4 Red8 28.Nc6  1/2-1/2

[Event "Panam-Cont 2010"]
[Site "Cali COL"]
[Date "2010.11.20"]
[Round "6"]
[White "Ortiz Suarez,I"]
[Black "Cori T.,D"]
[Result "1/2-1/2"]
[WhiteElo "2543"]
[BlackElo "2384"]

1.e4 e6 2.d4 d5 3.Nd2 Be7 4.c3 c5 5.exd5 Qxd5 6.Ngf3 cxd4 7.Bc4 Qh5 8.O-O Nc6
9.cxd4 Nf6 10.a3 O-O 11.b4 b6 12.Bb2 Bb7 13.Rc1 Rfd8 14.Re1 Bd6 15.Be2 Qh6
16.g3 Ng4 17.Bf1 Ne7 18.Bg2 Nf6 19.Nc4 Nf5 20.Nxd6 Nxd6 21.Rc7 Rac8 22.Rxc8 Rxc8
23.Bc1 Qh5 24.Bf4 Nc4 25.h3 Qd5 26.Qa4 Qd7 27.Qb3 Bd5 28.Qd3 Qb7 29.Rc1 Nb2
30.Qb1 Rxc1+ 31.Qxc1 Nd3 32.Qe3 Nxf4 33.Qxf4 h6 34.g4 a5 35.h4 axb4 36.axb4 Ne4
37.Ne5 Nc3 38.Bf1 Qe7 39.g5 hxg5 40.hxg5 f6 41.gxf6 gxf6 42.Qg3+ Qg7 43.Nd7 Qxg3+
44.fxg3 b5 45.Nxf6+ Kf7 46.Ng4 Na2 47.Bxb5 Nxb4 48.Ne3 Bc6 49.Bc4 Bb7 50.Kf2 Nc6
51.d5 exd5 52.Nxd5 Kg6 53.Bd3+ Kg5 54.Nc3 Ne5 55.Bc2 Bc6  1/2-1/2

[Event "1st Metropolitan IM"]
[Site "Los Angeles USA"]
[Date "2010.11.20"]
[Round "7"]
[White "Amanov,Z"]
[Black "Abrahamyan,T"]
[Result "1-0"]
[WhiteElo "2394"]
[BlackElo "2355"]

1.e4 e6 2.d4 d5 3.Nd2 Be7 4.c3 c5 5.dxc5 Nf6 6.exd5 Qxd5 7.Ngf3 Bxc5 8.Bc4 Qh5
9.Nb3 Bb6 10.O-O O-O 11.Bf4 Nc6 12.Nfd4 Qh4 13.Bg3 Qh6 14.Nxc6 bxc6 15.Qf3 Re8
16.Rfe1 Bb7 17.Rad1 Rad8 18.h3 Rxd1 19.Rxd1 e5 20.Rd7  1-0

[Event "TCh-NED"]
[Site "Netherlands NED"]
[Date "2010.11.20"]
[Round "3.6"]
[White "Houtman,J"]
[Black "Span,P"]
[Result "1-0"]
[WhiteElo "2206"]
[BlackElo "2316"]

1.e4 e6 2.d4 d5 3.Nd2 Be7 4.Ngf3 Nf6 5.Bd3 c5 6.exd5 Qxd5 7.Bc4 Qd6 8.dxc5 Qxc5
9.Qe2 a6 10.a4 O-O 11.O-O Qc7 12.Bb3 Nc6 13.Nc4 Na5 14.Nxa5 Qxa5 15.Rd1 Qh5
16.Qe5 Qxe5 17.Nxe5 Bc5 18.Be3 Bxe3 19.fxe3 Ne4 20.c3 b6 21.Bc2 Nf6 22.Rd6 Rb8
23.Rad1 Nd5 24.Kf2 b5 25.Nc6 Rb7 26.a5 Rd7 27.Rxd7 Bxd7 28.Ne5 Bc8 29.e4 Nf6
30.Rd6 Bb7 31.Ke3 Rc8 32.Nd7 Ne8 33.Rd2 g5 34.g3 Kg7 35.e5 Nc7 36.Nb6 Rb8
37.Rd6 h5 38.h4 gxh4 39.gxh4 Nd5+ 40.Nxd5 Bxd5 41.Rxa6 Rc8 42.Bd3 Bc4 43.Rb6 Rc5
44.Bxc4 bxc4 45.a6 Rxe5+ 46.Kd4 Ra5 47.Kxc4 e5 48.b4 Ra3 49.b5 e4 50.Kd4 Ra4+
51.Ke3 f5 52.Kf4 Ra2 53.Kxf5 e3 54.Re6 e2 55.c4 Kf7 56.Rxe2  1-0

[Event "TCh-NED"]
[Site "Netherlands NED"]
[Date "2010.11.20"]
[Round "3.1"]
[White "Burg,T"]
[Black "Werle,J"]
[Result "0-1"]
[WhiteElo "2455"]
[BlackElo "2574"]

1.e4 e6 2.d4 d5 3.Nd2 Be7 4.c3 c5 5.dxc5 Nf6 6.exd5 Qxd5 7.b4 O-O 8.Ngf3 b6
9.Bc4 Qc6 10.cxb6 axb6 11.Bb2 Bb7 12.Qe2 Rd8 13.O-O-O Qc8 14.Kb1 Bd5 15.a3 Nc6
16.Rhe1 Ra7 17.g3 Qa8 18.Bxd5 Nxd5 19.Nc4 b5 20.Ne3 Nxe3 21.fxe3 Rc8 22.e4 Rb7
23.Rd3 Qa4 24.Qd1 Qa7 25.Qd2 h6 26.Rd1 Bf6 27.Qf4 Qa4 28.e5 Be7 29.Rf1 Bf8
30.Nd2 Rd8 31.Rxd8 Nxd8 32.c4 Rd7 33.Qe3 Nc6 34.c5 Ne7 35.Kc1 Nc6 36.Qf3 Nd4
37.Bxd4 Rxd4 38.Qxf7+ Kh7 39.Rf3 Bxc5 40.bxc5 Qa5 41.Rf2 Qxa3+ 42.Kb1 Qxc5
43.Nb3 Rb4 44.Ka2 Qe3 45.Rf3 Qe2+ 46.Kb1 Qe1+ 47.Ka2 Ra4+ 48.Kb2 Qxe5+ 49.Kb1 Qe1+
50.Kb2 Qe2+ 51.Kb1 Qa2+ 52.Kc1 Rc4+ 53.Kd1 Rc2 54.Qf4 Rc4 55.Qd2 Qb1+ 56.Nc1 e5
57.Qd3+ Qxd3+ 58.Rxd3 Kg6 59.Rb3 Rc5 60.Nd3 Rd5 61.Ke2 Kf5 62.Rb4 g5 63.g4+ Ke6
64.Nf2 Kd6 65.Ne4+ Kc6 66.Ng3 Kc5 67.Rb1 b4 68.Ne4+ Kc4 69.Nd2+ Kc3 70.Rb3+ Kc2
71.Rxb4 Rxd2+  0-1

[Event "TCh-HUN 2010-11"]
[Site "Nagykanizsa HUN"]
[Date "2010.11.21"]
[Round "3"]
[White "Nemeth,Mi1"]
[Black "Berczes,D"]
[Result "0-1"]
[WhiteElo "2454"]
[BlackElo "2520"]

1.e4 e6 2.d4 d5 3.Nd2 a6 4.Ngf3 Nf6 5.e5 Nfd7 6.Be2 c5 7.c4 Nc6 8.cxd5 exd5
9.O-O cxd4 10.Nb3 Ndxe5 11.Nxe5 Nxe5 12.Re1 Bd6 13.Bf4 O-O 14.Bxa6 Ng4 15.Be2 Qf6
16.g3 Nxf2 17.Kxf2 g5 18.Qxd4 Qxd4+ 19.Nxd4 gxf4 20.Kg2 fxg3 21.hxg3 Be5
22.Red1 Ra4 23.Nf3 Bxb2 24.Rab1 Bf6 25.Rd2 Be6 26.Bb5 Ra3 27.Rb3 Rfa8 28.Rxa3 Rxa3
29.Bd3 Bc3 30.Re2 h6 31.Bb1 b5 32.Nh4 d4 33.Nf5 Kf8 34.Nd6 b4 35.Rf2 Ra6
36.Ne4 Bd5 37.Kh3 Re6 38.Rf4 Ra6 39.Rf2 Kg7 40.g4 Ra3 41.Kh2 d3  0-1

[Event "TCh-HUN 2010-11"]
[Site "Nagykanizsa HUN"]
[Date "2010.11.21"]
[Round "3"]
[White "Nagy,Ga1"]
[Black "Galyas,M"]
[Result "1/2-1/2"]
[WhiteElo "2372"]
[BlackElo "2484"]

1.e4 e6 2.d4 d5 3.Nd2 Be7 4.Ngf3 Nf6 5.Bd3 c5 6.exd5 Qxd5 7.dxc5 Nbd7 8.Nb3 Nxc5
9.Nxc5 Qxc5 10.Qe2 O-O 11.Be3 Qa5+ 12.Bd2 Qc7 13.Ne5 b6 14.O-O Bb7 15.c4 Nd7
16.Bc3 Nxe5 17.Qxe5 Qxe5 18.Bxe5 Rfd8 19.Rfd1 g6 20.Be2 Kf8 21.Bc7 Rdc8 22.Be5 Rd8
23.Bc7 Rdc8 24.Be5 Rd8 25.Bc7 Rdc8  1/2-1/2

[Event "TCh-HUN 2010-11"]
[Site "Paks HUN"]
[Date "2010.11.21"]
[Round "3"]
[White "Konnyu,J"]
[Black "Berkes,F"]
[Result "0-1"]
[WhiteElo "2382"]
[BlackElo "2678"]

1.e4 e6 2.d4 d5 3.Nd2 a6 4.Bd3 c5 5.Ngf3 Nc6 6.exd5 Qxd5 7.Be4 Qd8 8.Ne5 Nxd4
9.c3 Nb5 10.Qa4 Nf6 11.c4 Nxe4 12.cxb5 Nd6 13.Ne4 Bd7 14.Bg5 Bxb5 15.Qd1 Qa5+
16.Nc3 Ne4 17.a4 Nxc3 18.axb5 Qc7  0-1

[Event "16th Asian Games Team Men"]
[Site "Guangzhou CHN"]
[Date "2010.11.22"]
[Round "5"]
[White "Kim Saebyeok"]
[Black "Abdul Rahman,A"]
[Result "1-0"]
[WhiteElo "1906"]
[BlackElo "1936"]

1.e4 e6 2.d4 d5 3.Nd2 Nc6 4.Ngf3 Nge7 5.c3 Ng6 6.Bb5 Bd7 7.O-O Be7 8.Re1 O-O
9.Nf1 f6 10.exd5 exd5 11.Qb3 Be8 12.Ne3 Bf7 13.Bd2 Na5 14.Qc2 c6 15.Bd3 b5
16.Nf5 Re8 17.h4 Nc4 18.h5 Nf8 19.h6 g6 20.Ng7 Qd7 21.Nxe8 Rxe8 22.Bf4 Qg4
23.Bg3 Ne6 24.Bxc4 bxc4 25.Re2 Bf8 26.b3 g5 27.bxc4 Bg6 28.Qd2 Be4 29.Nh2 Qh5
30.f3 Bf5 31.cxd5 cxd5 32.Rae1 Bxh6 33.c4 dxc4 34.d5 Ng7 35.Rxe8+ Nxe8 36.d6 Qf7
37.Re7 Qf8 38.Qd5+ Kh8 39.Qxf5 Bg7 40.Qe6  1-0

[Event "16th Asian Games Team Women"]
[Site "Guangzhou CHN"]
[Date "2010.11.22"]
[Round "5.9"]
[White "Pourkashiyan,A"]
[Black "Muminova,N"]
[Result "1-0"]
[WhiteElo "2367"]
[BlackElo "2360"]

1.e4 e6 2.d4 d5 3.Nd2 a6 4.Bd3 c5 5.dxc5 Bxc5 6.Ngf3 Nf6 7.Qe2 Nc6 8.c3 O-O
9.e5 Nd7 10.O-O f6 11.Nb3 Bb6 12.exf6 Nxf6 13.Bg5 Bc7 14.c4 Qd6 15.Bh4 d4
16.c5 Qd5 17.Bc4 Qh5 18.g3 d3 19.Bxd3 e5 20.Nfd2 Bg4 21.f3 Bh3 22.Bxf6 Rxf6
23.Rf2 Raf8 24.Re1 Kh8 25.Qe3 a5 26.a4 Be6 27.Be4 Qf7 28.Rc1 Rd8 29.Qc3 Qd7
30.Nc4 Nd4 31.Nxd4 exd4 32.Qd3 Qxa4 33.Bxh7 Qc6 34.Nd2 b6 35.Be4 Bd5 36.Qxd4 bxc5
37.Bxd5 Rxd5 38.Qc4 Qd7 39.Ne4 Rff5 40.Re1 Be5 41.Nxc5 Qc6 42.Qh4+ Kg8 43.Nb3 a4
44.Rc1 Qd7 45.Nc5 Rd1+ 46.Kg2 Qd5 47.Rxd1 Qxd1 48.Qc4+ Kh8 49.Qxa4 Qc1 50.Qa8+ Kh7
51.Qe4 g6 52.Nd3 Qc7 53.g4 Rg5 54.h4  1-0

[Event "Vasylyshyn Memorial GM"]
[Site "Lviv UKR"]
[Date "2010.11.23"]
[Round "1"]
[White "Petr,Ma"]
[Black "Vysochin,S"]
[Result "1/2-1/2"]
[WhiteElo "2462"]
[BlackElo "2550"]

1.e4 e6 2.d4 d5 3.Nd2 Be7 4.Bd3 c5 5.dxc5 Nf6 6.Qe2 O-O 7.Ngf3 a5 8.O-O Nfd7
9.exd5 exd5 10.Re1 Bf6 11.Nb3 a4 12.Nbd4 Nxc5 13.Be3 Re8 14.Rad1 Nc6 15.Bb5 Bd7
16.c4 Bxd4 17.Bxc6 Bxe3 18.Bxd7 Bxf2+ 19.Qxf2 Nxd7 20.Rxe8+ Qxe8 21.cxd5 Nf6
22.d6 Rd8 23.Qd4 Qe2 24.h3 h6 25.Rd2 Qe6 26.a3 Ne4 27.Re2 f5 28.Qxa4 Qxd6
29.Qb3+ Kh8 30.Qe3 Qd1+ 31.Re1 Qd5 32.Nh4 Re8 33.Rf1 Nd6 34.Qf2 Qb3 35.Nxf5 Nxf5
36.Qxf5  1/2-1/2

[Event "6th Femida Cup 2010"]
[Site "Kharkiv UKR"]
[Date "2010.11.25"]
[Round "3"]
[White "Iakymov,V"]
[Black "Kuzubov,Y"]
[Result "0-1"]
[WhiteElo "2494"]
[BlackElo "2633"]

1.e4 e6 2.d4 d5 3.Nd2 Nc6 4.Ngf3 Nf6 5.e5 Nd7 6.Bb5 Ncb8 7.O-O b6 8.Qe2 a5
9.a4 Be7 10.Bd3 Ba6 11.c4 Nc6 12.cxd5 Bxd3 13.Qxd3 Nb4 14.Qe2 exd5 15.e6 fxe6
16.Qxe6 Nf8 17.Qe5 Nc2 18.Rb1 Ng6 19.Qf5 Nb4 20.Ne5 Nxe5 21.dxe5 g6 22.Qg4 Qd7
23.e6 Qxa4 24.Nf3 Qc2 25.Bg5 Qe4 26.Qh3 Qf5 27.g4 Qf8 28.Bh6 Qf6 29.Bg5 Qf8
30.Be3 O-O-O 31.Bd4 Nd3 32.Bxh8 Qxh8 33.g5 Rf8 34.Rbd1 Nf4 35.Qg4 Qxb2 36.Rd2 Qb4
37.Kh1 Kb7 38.Rd4 Qd6 39.Re1 c5 40.Rdd1 Rf5 41.Qg3 Kc7 42.Re3 d4 43.Re4 Nd5
44.Nxd4 cxd4 45.Rexd4 Kc6 46.Qd3 Qxe6 47.Qa6 Nc7 48.Qd3 Bc5 49.Rd8 Kb7 50.f3 Rxg5
51.Rd7 Qc6 52.Rxh7 Re5 53.Rf7 Re6 54.Qc3 Rd6 55.Rc1 Qd5 56.Rf6 Nb5 57.Qb2 Nd4
58.Rf8 Rd7 59.Rf6 Qg5  0-1

[Event "XXIII Belgrade Trophy"]
[Site "Obrenovac SRB"]
[Date "2010.11.26"]
[Round "3.18"]
[White "Petrovski,I"]
[Black "Cabrilo,G"]
[Result "0-1"]
[WhiteElo "2152"]
[BlackElo "2450"]

1.e4 e6 2.d4 d5 3.Nd2 a6 4.Ngf3 c5 5.exd5 exd5 6.dxc5 Bxc5 7.Nb3 Bb6 8.Be2 Nf6
9.O-O O-O 10.Nbd4 Re8 11.c3 Nc6 12.Re1 Bg4 13.Be3 Ne4 14.Qb3 Na5 15.Qc2 Rc8
16.Rad1 Qf6 17.h3 Bxf3 18.Bxf3 Nc4 19.Qb1 Rcd8 20.Qc1 h6 21.Nc2 Bc7 22.Bd4 Qd6
23.g3 Nxg3 24.fxg3 Qxg3+ 25.Bg2 Bf4 26.Rxe8+ Rxe8 27.Qb1 Re2 28.Ne1 Ne3 29.Bxe3 Bxe3+
30.Kh1 Rxg2 31.Nxg2 Qxh3+  0-1

[Event "XXIII Belgrade Trophy"]
[Site "Obrenovac SRB"]
[Date "2010.11.27"]
[Round "4.55"]
[White "Stanimirovic,M"]
[Black "Fernandez Manrique,A"]
[Result "0-1"]
[WhiteElo "1946"]
[BlackElo "2108"]

1.e4 e6 2.d4 d5 3.Nd2 Be7 4.Ngf3 Nf6 5.Bd3 c5 6.e5 Nfd7 7.c3 b6 8.O-O Ba6
9.Bxa6 Nxa6 10.Re1 Qc7 11.Qe2 c4 12.b3 b5 13.bxc4 bxc4 14.Nf1 Qa5 15.Qc2 Nc7
16.a4 Rb8 17.N1d2 h6 18.Ba3 Bxa3 19.Rxa3 O-O 20.g4 Nb5 21.axb5 Qxa3 22.g5 Rxb5
23.gxh6 Rb2 24.h7+ Kh8 25.Qc1 Ra2 26.Qd1 Qxc3 27.Kg2 Qc2 28.Qe2 Qg6+ 29.Kh1 c3
30.Rg1 Qh6 31.Qb5 cxd2 32.Qxd7 Qh5 33.Ng5 Qxg5 34.Rxg5 d1=Q+ 35.Kg2 Rxf2+
36.Kxf2 Qd2+ 37.Kf3 Qxg5 38.Qd6 Rc8 39.Qb4 Qf5+ 40.Kg3 Qxh7  0-1

[Event "XXIII Belgrade Trophy"]
[Site "Obrenovac SRB"]
[Date "2010.11.30"]
[Round "7.34"]
[White "Kadric,D"]
[Black "Paulic,B"]
[Result "1-0"]
[WhiteElo "2331"]
[BlackElo "2131"]

1.e4 e6 2.d4 d5 3.Nd2 Nc6 4.Ngf3 Nf6 5.e5 Nd7 6.Bd3 f6 7.exf6 Qxf6 8.O-O Bd6
9.c4 O-O 10.cxd5 exd5 11.Qb3 Nb6 12.Ne4 Qg6 13.Ng3 Rxf3 14.gxf3 Qf7 15.Rd1 g6
16.Bf1 Bd7 17.a3 Ne7 18.Re1 Nf5 19.Nxf5 Qxf5 20.f4 Rf8 21.Qg3 Qf6 22.Re5 c6
23.Be3 Bf5 24.Re1 Nd7 25.Bh3 Bxe5 26.fxe5 Qe6 27.Bg2 Be4 28.f3 Bf5 29.Bh6 Re8
30.h4 Nf6 31.Kh2 Nh5 32.Qg5 Qe7 33.b4 a6 34.Qxe7 Rxe7 35.Bg5 Re8 36.a4 Ng7
37.Rc1 Ne6 38.Be3 Ng7 39.Bf1 Bd7 40.Bd3 Bf5 41.Be2 Ra8 42.Kg1 Bd7 43.Kf1 Nf5
44.Bf2 Kf7 45.Ke1 Ne7 46.Kd2 Nc8 47.h5 Bf5 48.hxg6+ Bxg6 49.Bh4 Nb6 50.b5 axb5
51.axb5 Ra2+ 52.Ke3 Nc4+ 53.Bxc4 dxc4 54.bxc6 bxc6 55.Rxc4 Ra6 56.Rb4 Ra3+
57.Kf4 Bh5 58.Kg5 Bxf3 59.Rb7+ Ke6 60.Rxh7 Bd5 61.Kg4 Bg2 62.Rh6+ Kd5 63.Rd6+ Kc4
64.e6 Re3 65.e7 Bd5 66.Bf6 Re1 67.Rxd5 Kxd5 68.Be5  1-0

[Event "WY U-16 Olympiad"]
[Site "Burdur TUR"]
[Date "2010.12.02"]
[Round "8"]
[White "Karabayir,M"]
[Black "Gladstone,Simon"]
[Result "1/2-1/2"]
[WhiteElo "1869"]
[BlackElo "1944"]

1.e4 e6 2.d4 d5 3.Nd2 Be7 4.Ngf3 Nf6 5.Bd3 c5 6.exd5 Nxd5 7.dxc5 Bxc5 8.Ne4 Be7
9.O-O Nc6 10.c4 Nf6 11.Bf4 O-O 12.Qe2 Qa5 13.a3 e5 14.b4 Qc7 15.Bg3 Bg4 16.Nxf6+ gxf6
17.Qe3 Rad8 18.Rfd1 Qc8 19.h3 Bf5 20.Be2 Qe6 21.Rac1 Rfe8 22.c5 Bf8 23.b5 Nd4
24.Nxd4 exd4 25.Qxe6 fxe6 26.Bf3 Rc8 27.Rxd4 Rxc5 28.Rxc5 Bxc5 29.Rd7 Re7
30.Rxe7 Bxe7 31.a4 Bc2 32.a5 Bd8 33.Bxb7 Bxa5 34.Bc6  1/2-1/2

[Event "WY U-16 Olympiad"]
[Site "Burdur TUR"]
[Date "2010.12.04"]
[Round "10"]
[White "Pon,M"]
[Black "Gladstone,Simon"]
[Result "0-1"]
[WhiteElo "1589"]
[BlackElo "1944"]

1.e4 e6 2.d4 d5 3.Nd2 Be7 4.Bd3 c5 5.c3 cxd4 6.cxd4 dxe4 7.Nxe4 Nc6 8.Nf3 Nf6
9.O-O O-O 10.Nc3 b6 11.Be3 Bb7 12.Rc1 Rc8 13.a3 Na5 14.b4 Nc4 15.Bxc4 Rxc4
16.Ne5 Rc7 17.Qb3 Qa8 18.f3 Rfc8 19.Ne2 Rxc1 20.Rxc1 Rxc1+ 21.Bxc1 Qc8 22.Qc3 Qxc3
23.Nxc3 Nd5 24.Nxd5 Bxd5 25.Kf2 f6 26.Ng4 Kf7 27.Bb2 Ke8 28.Ne3 Bb3 29.Ke2 Kd7
30.Kd3 Kc6 31.Kc3 Bd5 32.Nxd5 Kxd5 33.Kd3 f5 34.g3 Bf6 35.f4 g5 36.Bc3 gxf4
37.gxf4 Bh4 38.Bd2 Bf2 39.Bc3 b5 40.Bb2 Bg1 41.h3 Bf2 42.Bc3 Bg3 43.Bd2 a6
44.Bc1 Be1 45.Bb2 h5 46.Bc1 a5 47.bxa5 Bxa5 48.Bb2 Bc7 49.Bc1 Bd6  0-1

[Event "2nd Pilsen Open"]
[Site "Plzen CZE"]
[Date "2010.12.05"]
[Round "2"]
[White "Ostrowska,D"]
[Black "Turner,R"]
[Result "0-1"]
[WhiteElo "1926"]
[BlackElo "2167"]

1.e4 e6 2.d4 d5 3.Nd2 Nc6 4.Ngf3 Nf6 5.e5 Nd7 6.c3 f6 7.exf6 Qxf6 8.Be2 Bd6
9.Qb3 Nb6 10.O-O O-O 11.Qc2 e5 12.dxe5 Nxe5 13.b3 Bf5 14.Qd1 Nxf3+ 15.Nxf3 Qxc3
16.Be3 Qc2 17.Bxb6 Qxd1 18.Rfxd1 axb6 19.Rxd5 Be6 20.Rdd1 Rfe8 21.Nd4 Bf7
22.Bf3 Be5 23.Bxb7 Bxd4 24.Rxd4 Rxa2 25.Rdd1 Rxa1 26.Rxa1 Bxb3 27.g3 Rd8
28.Bf3 Bd5 29.Be2 c6 30.Ra7 Rb8 31.Bd3 b5 32.Kf1 c5 33.Ra5 c4 34.Bb1 Bf3
35.Ke1 c3 36.Ra7 b4 37.Rc7 Bd5 38.Kd1 Bb3+ 39.Ke2 Re8+ 40.Kf1 Rd8 41.Be4 Ba2
42.Ke1 Re8 43.f3 Bd5  0-1

[Event "Australian Masters"]
[Site "Canterbury AUS"]
[Date "2010.12.06"]
[Round "3"]
[White "Morris,J"]
[Black "Cheng,Bo"]
[Result "1/2-1/2"]
[WhiteElo "2240"]
[BlackElo "2316"]

1.e4 e6 2.d4 d5 3.Nd2 Nc6 4.Ngf3 Nf6 5.e5 Nd7 6.c3 f6 7.exf6 Qxf6 8.Be2 Bd6
9.O-O O-O 10.Nb3 e5 11.dxe5 Ndxe5 12.Qxd5+ Be6 13.Qd1 Rad8 14.Nbd4 Nxf3+
15.Bxf3 Bc4 16.Be2 Bxe2 17.Qb3+ Kh8 18.Nxe2 Qe5 19.Ng3 Bc5 20.Qc2 Rxf2 21.Rxf2 Rf8
22.Bf4 Rxf4 23.Nh1 Re4 24.Kf1 Bxf2 25.Nxf2 Qb5+ 26.Qd3 Qxd3+ 27.Nxd3  1/2-1/2

[Event "31st Crespi Memorial"]
[Site "Milan ITA"]
[Date "2010.12.07"]
[Round "4"]
[White "Salami,M"]
[Black "Tramalloni,L"]
[Result "1-0"]
[WhiteElo "2203"]
[BlackElo "2144"]

1.e4 e6 2.d4 d5 3.Nd2 a6 4.Ngf3 c5 5.exd5 exd5 6.dxc5 Bxc5 7.Nb3 Bb6 8.Be2 Nc6
9.O-O Nge7 10.Nfd4 Qd6 11.Re1 O-O 12.Be3 Bc7 13.g3 Ne5 14.Nf3 N5c6 15.Bd3 g6
16.Bc5 Qd8 17.Qd2 Bg4 18.Nfd4 Re8 19.Qg5 Bd7 20.Qh6 b6 21.Nf3 f6 22.Bd4 Nxd4
23.Nbxd4 Nc6 24.Nxc6 Bxc6 25.Nd4 Bd7 26.h4 Be5 27.c3 Qc7 28.h5 Bxg3 29.hxg6  1-0

[Event "31st Crespi Memorial"]
[Site "Milan ITA"]
[Date "2010.12.07"]
[Round "4"]
[White "Battistella,S"]
[Black "Mertens,H"]
[Result "0-1"]
[WhiteElo "2069"]
[BlackElo "2320"]

1.e4 e6 2.d4 d5 3.Nd2 Be7 4.e5 c5 5.dxc5 Bxc5 6.Bd3 Nc6 7.Ngf3 Nge7 8.Nb3 Bb6
9.O-O Ng6 10.Qe2 Bd7 11.Bd2 a5 12.c4 dxc4 13.Bxg6 hxg6 14.Qxc4 Rc8 15.Qd3 a4
16.Bg5 Qc7 17.Nbd2 Nxe5 18.Nxe5 Qxe5 19.Nf3 Qf5 20.Qd6 Bc5 21.Qe5 f6 22.Qxf5 gxf5
23.Be3 Bxe3 24.fxe3 Ke7 25.Rf2 Rc7 26.Rd2 e5 27.Rad1 Be6 28.a3 Rhc8 29.Rd6 Rc1
30.Kf2 Rxd1 31.Rxd1 Bb3 32.Rd2 Ke6 33.h4 Bd5 34.Ne1 Be4 35.g3 Rc6 36.Nf3 g6
37.Ng1 Rc1 38.Ne2 Rh1 39.Nc3 Bc6 40.Nd1 g5 41.hxg5 fxg5 42.Nc3 g4 43.Na2 Rh2+
44.Ke1 Rxd2 45.Kxd2 Kd5 46.Nb4+ Ke4 47.Ke2 Bb5+ 48.Kf2 Bc4 49.Nc2 Kd3 50.Ne1+ Kd2
51.Ng2 Kc2 52.e4 Kxb2 53.exf5 Kxa3 54.Ne3 Bg8 55.Nxg4 Kb2 56.Nxe5 a3 57.Nd3+ Kc3
58.Nc1 Kc2  0-1